| 000 | 00361nam a22001457a 4500 | ||
|---|---|---|---|
| 003 | OSt | ||
| 005 | 20260216155307.0 | ||
| 008 | 260216b |||||||| |||| 00| 0 eng d | ||
| 020 | _a9780143451848 | ||
| 100 | _4Murty S. | ||
| 245 |
_aSudha Murty _bGrand Parents Big of stories |
||
| 260 |
_aHaryana _bPenguin Books _c2020 |
||
| 300 | _a228pp. | ||
| 942 |
_2ddc _cBK |
||
| 999 |
_c370452 _d370452 |
||